Freaked out / (Record no. 2442)

MARC details
000 -LEADER
fixed length control field 01367cam a22003733a 4500
005 - DATE AND TIME OF LATEST TRANSACTION
control field 20231211143053.0
020 ## - INTERNATIONAL STANDARD BOOK NUMBER
International Standard Book Number 0786846518 (pbk.)
020 ## - INTERNATIONAL STANDARD BOOK NUMBER
International Standard Book Number 9780786847099
040 ## - CATALOGING SOURCE
Original cataloging agency OEK
Transcribing agency OEK
Modifying agency DLC
Language of cataloging eng
050 00 - LIBRARY OF CONGRESS CALL NUMBER
Classification number CPB Box no. 2260 vol. 9
082 ## - DEWEY DECIMAL CLASSIFICATION NUMBER
Classification number 813.6
100 1# - MAIN ENTRY--PERSONAL NAME
Personal name Alfonsi, Alice
245 10 - TITLE STATEMENT
Title Freaked out /
Statement of responsibility, etc. adapted by Alice Alfonsi ; based on the series created by Terri Minsky ; part One is based on a teleplay written by Melissa Gould ; part Two is based on a teleplay written by Douglas Tuber & Tim Maile
246 3# - VARYING FORM OF TITLE
Title proper/short title Lizzie McGuire, freaked out
250 ## - EDITION STATEMENT
Edition statement First edition
260 ## - PUBLICATION, DISTRIBUTION, ETC.
Place of publication, distribution, etc. New York :
Name of publisher, distributor, etc. Disney Press,
Date of publication, distribution, etc. 2004
300 ## - PHYSICAL DESCRIPTION
Extent 148 pages :
Other physical details illustrations ;
Dimensions 20 cm
490 0# - SERIES STATEMENT
Series statement Lizzie McGuire ;
Volume/sequential designation Book 15
505 ## - FORMATTED CONTENTS NOTE
Formatted contents note O
520 ## - SUMMARY, ETC.
Summary, etc. Lizzie and her brother switch bodies and she must get back into her own body.
521 ## - TARGET AUDIENCE NOTE
Target audience note 600
Source Lexile estimate
521 ## - TARGET AUDIENCE NOTE
Target audience note O
Source Raz-Plus
650 #0 - SUBJECT ADDED ENTRY--TOPICAL TERM
Topical term or geographic name entry element Junior high school students
Form subdivision Juvenile fiction.
650 #0 - SUBJECT ADDED ENTRY--TOPICAL TERM
Topical term or geographic name entry element Brothers and sisters
Form subdivision Juvenile fiction.
655 #7 - INDEX TERM--GENRE/FORM
Genre/form data or focus term Children's stories.
Source of term lcsh
655 #7 - INDEX TERM--GENRE/FORM
Genre/form data or focus term Radio and television novels.
Source of term gsafd
700 1# - ADDED ENTRY--PERSONAL NAME
Personal name Tuber, Douglas
Relator term author
700 1# - ADDED ENTRY--PERSONAL NAME
Personal name Gould, Melissa
Relator term author
700 1# - ADDED ENTRY--PERSONAL NAME
Personal name Maile, Tim
Relator term author
700 1# - ADDED ENTRY--PERSONAL NAME
Personal name Minsky, Terri
Relator term author
906 ## - LOCAL DATA ELEMENT F, LDF (RLIN)
a 7
b cbc
c copycat
d 2
e ncip
f 20
g y-genrareb
942 ## - ADDED ENTRY ELEMENTS (KOHA)
Source of classification or shelving scheme Dewey Decimal Classification
Koha item type Books
Suppress in OPAC No
999 ## -
-- 2442
-- 2442
Holdings
Withdrawn status Lost status Source of classification or shelving scheme Damaged status Not for loan Collection Home library Current library Shelving location Date acquired Total Checkouts Full call number Barcode Date last seen Date last checked out Price effective from Koha item type
    Dewey Decimal Classification     Juvenile Fiction Footprints International School Library Network Toul Kork Campus Footprints International School Library Network Toul Kork Campus   12/07/2023 2 ALF 813.6 CPB Box no. 2260 vol. 9 FIS00685 02/06/2024 01/30/2024 12/07/2023 Books